| 000 | 00919nam a22002297a 4500 | ||
|---|---|---|---|
| 999 |
_c19043 _d19043 |
||
| 003 | AR-CdUCM | ||
| 008 | 190516b ||||| |||| 00| 0 spa d | ||
| 020 | _a84-309-0444-1 | ||
| 040 |
_aMUNICIPALIDAD PROVINCIAL DEL CUSCO _cBIBLIOTECA MUNICIPAL DEL CUSCO |
||
| 082 |
_a658.3 / _bSA17 |
||
| 100 |
_aSala Franco, Tomas _940105 |
||
| 245 | _aLa movilidad del personal dentro de la empresa / | ||
| 260 |
_aMadrid : _bTecnos, _c1973. |
||
| 300 |
_a153 paginas ; _c22 cm. |
||
| 440 |
_aBiblioteca tecnos de estudios jurídicos _940106 |
||
| 505 | _aContenido : Movilidad del personal a iniciativa del empresario -- Por razones organizativas -- Juego de las autorizaciones administrativas -- Movilidad el personal dentro de la empresa... | ||
| 650 |
_aRelación laboral _940107 |
||
| 650 |
_aDerechos económicos _940108 |
||
| 650 |
_aRenuncia del empresario _940109 |
||
| 942 |
_2ddc _cLIBROS |
||
| 945 |
_awnts _d2019-05-16 |
||